Ismaelillo / (Record no. 1463)

000 -LEADER
fixed length control field 01459nam a22003857a 4500
001 - CONTROL NUMBER
control field 14699173
003 - CONTROL NUMBER IDENTIFIER
control field OSt
005 - DATE AND TIME OF LATEST TRANSACTION
control field 20210426063828.0
008 - FIXED-LENGTH DATA ELEMENTS--GENERAL INFORMATION
fixed length control field 070116s2007 txu b 000 p eng
010 ## - LIBRARY OF CONGRESS CONTROL NUMBER
LC control number 2007001733
020 ## - INTERNATIONAL STANDARD BOOK NUMBER
International Standard Book Number 9780916727420 (alk. paper)
020 ## - INTERNATIONAL STANDARD BOOK NUMBER
International Standard Book Number 0916727424 (alk. paper)
035 ## - SYSTEM CONTROL NUMBER
System control number (OCoLC)ocm78893368
040 ## - CATALOGING SOURCE
Original cataloging agency DLC
Transcribing agency DLC
Modifying agency BTCTA
-- BAKER
-- YDX
-- YDXCP
-- LNQ
-- VP@
-- TEF
-- AA5
-- DLC
Language of cataloging eng
041 1# - LANGUAGE CODE
Language code of text/sound track or separate title eng
-- spa
Language code of original spa
042 ## - AUTHENTICATION CODE
Authentication code pcc
050 00 - LIBRARY OF CONGRESS CALL NUMBER
Classification number PQ7389.M2
Item number I813 2007
080 ## - UNIVERSAL DECIMAL CLASSIFICATION NUMBER
Universal Decimal Classification number 821.111
Item number M-35
082 00 - DEWEY DECIMAL CLASSIFICATION NUMBER
Classification number 861/.5
Edition number 22
100 1# - MAIN ENTRY--PERSONAL NAME
Personal name Martí, José,
Dates associated with a name 1853-1895.
240 10 - UNIFORM TITLE
Uniform title Ismaelillo.
Language of a work English & Spanish
245 10 - TITLE STATEMENT
Title Ismaelillo /
Statement of responsibility, etc. José Martí ; with a critical introduction, notes and an English translation by Tyler Fisher ; foreword by Virgil Suárez.
Remainder of title / by: Wings Press
260 ## - PUBLICATION, DISTRIBUTION, ETC.
Place of publication, distribution, etc. San Antonio, Tex. :
Name of publisher, distributor, etc. Wings Press
Date of publication, distribution, etc. 2007.
300 ## - PHYSICAL DESCRIPTION
Extent l, 76 p.
Dimensions 23 cm.
365 ## - TRADE PRICE
Price amount 19.95 usd
504 ## - BIBLIOGRAPHY, ETC. NOTE
Bibliography, etc. note Includes bibliographical references (p. 71-74).
546 ## - LANGUAGE NOTE
Language note In English and Spanish.
600 10 - SUBJECT ADDED ENTRY--PERSONAL NAME
Personal name Martí, José,
Dates associated with a name 1853-1895
Form subdivision Poetry.
651 #0 - SUBJECT ADDED ENTRY--GEOGRAPHIC NAME
Geographic name Cuba
General subdivision History
Chronological subdivision 1810-1899.
700 1# - ADDED ENTRY--PERSONAL NAME
Personal name Fisher, Tyler.
Relator term Translator
856 41 - ELECTRONIC LOCATION AND ACCESS
Materials specified Table of contents only
Uniform Resource Identifier <a href="http://www.loc.gov/catdir/toc/ecip078/2007001733.html">http://www.loc.gov/catdir/toc/ecip078/2007001733.html</a>
906 ## - LOCAL DATA ELEMENT F, LDF (RLIN)
a 7
b cbc
c orignew
d 1
e ecip
f 20
g y-gencatlg
942 ## - ADDED ENTRY ELEMENTS (KOHA)
Source of classification or shelving scheme
Koha item type Books
Holdings
Withdrawn status Lost status Source of classification or shelving scheme Damaged status Not for loan Permanent location Current location Date acquired Inventory number Total Checkouts Full call number Barcode Date last seen Price effective from Koha item type
          Ken Walker International University Ken Walker International University 02/16/2021 1343   821.111 M-35 1343 02/16/2021 02/16/2021 Books

Powered by Koha